<?xml version="1.0" encoding="UTF-8"?>
<record
    xmlns:xsi="http://www.w3.org/2001/XMLSchema-instance"
    xsi:schemaLocation="http://www.loc.gov/MARC21/slim http://www.loc.gov/standards/marcxml/schema/MARC21slim.xsd"
    xmlns="http://www.loc.gov/MARC21/slim">

  <leader>00859nam a22002057a 4500</leader>
  <datafield tag="952" ind1=" " ind2=" ">
    <subfield code="0">0</subfield>
    <subfield code="1">0</subfield>
    <subfield code="2">ddc</subfield>
    <subfield code="4">0</subfield>
    <subfield code="7">0</subfield>
    <subfield code="8">NFIC</subfield>
    <subfield code="a">ASL</subfield>
    <subfield code="b">ASL</subfield>
    <subfield code="c">GEN</subfield>
    <subfield code="d">2020-09-15</subfield>
    <subfield code="e">Donated by Professor Husniara Huq</subfield>
    <subfield code="l">0</subfield>
    <subfield code="o">297 HAB</subfield>
    <subfield code="p">101090</subfield>
    <subfield code="r">2020-09-15 00:00:00</subfield>
    <subfield code="t">C-1</subfield>
    <subfield code="w">2020-09-15</subfield>
    <subfield code="y">BK</subfield>
  </datafield>
  <datafield tag="999" ind1=" " ind2=" ">
    <subfield code="c">17949</subfield>
    <subfield code="d">17949</subfield>
  </datafield>
  <controlfield tag="003">BDDh-ASL</controlfield>
  <controlfield tag="005">20231015025648.0</controlfield>
  <controlfield tag="008">200915b1977       ||||| b||| 00| 0     d</controlfield>
  <datafield tag="040" ind1=" " ind2=" ">
    <subfield code="a">BDDh-ASL</subfield>
    <subfield code="c">BDDh-ASL</subfield>
    <subfield code="d">BDDh-ASL</subfield>
  </datafield>
  <datafield tag="041" ind1=" " ind2=" ">
    <subfield code="a">bengali </subfield>
  </datafield>
  <datafield tag="082" ind1=" " ind2=" ">
    <subfield code="a">297</subfield>
    <subfield code="b">HAB</subfield>
  </datafield>
  <datafield tag="100" ind1=" " ind2=" ">
    <subfield code="9">769</subfield>
    <subfield code="a">&#x9B9;&#x995;, &#x9B6;&#x9BE;&#x9AE;&#x9B8;&#x9C1;&#x9B2; </subfield>
  </datafield>
  <datafield tag="245" ind1="1" ind2=" ">
    <subfield code="a">&#x9AC;&#x9C8;&#x9AA;&#x9CD;&#x9B2;&#x9AC;&#x9BF;&#x995; &#x9A6;&#x9C3;&#x9B7;&#x9CD;&#x99F;&#x9BF;&#x9A4;&#x9C7; &#x987;&#x9B8;&#x9B2;&#x9BE;&#x9AE;/</subfield>
    <subfield code="c">&#x9B6;&#x9BE;&#x9AE;&#x9B8;&#x9C1;&#x9B2; &#x9B9;&#x995;&#x964; </subfield>
  </datafield>
  <datafield tag="246" ind1=" " ind2=" ">
    <subfield code="a">Baiplobic Drishtitey Islam. </subfield>
  </datafield>
  <datafield tag="260" ind1=" " ind2=" ">
    <subfield code="a">&#x9A2;&#x9BE;&#x995;&#x9BE;: </subfield>
    <subfield code="b">&#x987;&#x9B8;&#x9B2;&#x9BE;&#x9AE;&#x9BF;&#x995; &#x9AB;&#x9BE;&#x989;&#x9A8;&#x9CD;&#x9A1;&#x9C7;&#x9B6;&#x9A8;, &#x9AC;&#x9BE;&#x982;&#x9B2;&#x9BE;&#x9A6;&#x9C7;&#x9B6;, </subfield>
    <subfield code="c">&#x9E7;&#x9EF;&#x9ED;&#x9ED;&#x964; </subfield>
  </datafield>
  <datafield tag="300" ind1=" " ind2=" ">
    <subfield code="a">&#x9E7;&#x9EC;&#x9EA; &#x9AA;&#x9C3;&#x9B7;&#x9CD;&#x9A0;&#x9BE;: </subfield>
    <subfield code="c">&#x9E8;&#x9E8; &#x9B8;&#x9C7;. &#x9AE;&#x9BF;.&#x964; </subfield>
  </datafield>
  <datafield tag="504" ind1=" " ind2=" ">
    <subfield code="a">&#x997;&#x9CD;&#x9B0;&#x9A8;&#x9CD;&#x9A5;&#x9AA;&#x99E;&#x9CD;&#x99C;&#x9BF; &#x9B8;&#x982;&#x9AF;&#x9C1;&#x995;&#x9CD;&#x9A4; &#x964; </subfield>
  </datafield>
  <datafield tag="650" ind1=" " ind2="0">
    <subfield code="9">770</subfield>
    <subfield code="a">&#x987;&#x9B8;&#x9B2;&#x9BE;&#x9AE;&#x9BF;&#x995; &#x9AC;&#x9BF;&#x9AA;&#x9CD;&#x9B2;&#x9AC; </subfield>
    <subfield code="x">&#x987;&#x9B8;&#x9B2;&#x9BE;&#x9AE; &#x9A7;&#x9B0;&#x9CD;&#x9AE; </subfield>
  </datafield>
  <datafield tag="942" ind1=" " ind2=" ">
    <subfield code="2">ddc</subfield>
    <subfield code="c">BK</subfield>
  </datafield>
</record>
